Гидрогеохимические исследования криолитозоны Центральной Якутии

Λεπτομέρειες βιβλιογραφικής εγγραφής
Κύριος συγγραφέας: Анисимова Н. П.
Συγγραφή απο Οργανισμό/Αρχή: Российская академия наук (РАН) Сибирское отделение (СО) Институт мерзлотоведения (ИМЗ)
Άλλοι συγγραφείς: Павлова Н. А. (редактор), Шепелев В. В.
Περίληψη:Монография является обобщением многолетних теоретических, лаборатор­ных и полевых исследований химического состава подземных вод, включая криопэги, и мерзлых отложений в специфических условиях криолитозоны Центральной Якутии. На основе анализа материалов исследований решен ряд научных и практических задач, разработана методика отбора проб воды, льда и ледяных отложений для химических анализов. На конкретных примерах рас­сматривается возможность использования полученных результатов при прове­дении инженерно-геологических изысканий, геокрилогических и гидрогеоло­гических исследований в области распространения многолетнемерзлых пород.Книга предназначена для гидрогеологов, геокриологов, гидрологов, мели­ораторов, экологов и других специалистов, работающих в области распростра­нения многолетнемерзлых пород, а также может быть рекомендована в качест­ве учебного пособия для студентов геолого-географического профиля.
Γλώσσα:Ρωσικά
Έκδοση: Новосибирск, Гео, 2014
Θέματα:
Μορφή: Βιβλίο
KOHA link:https://koha.lib.tpu.ru/cgi-bin/koha/opac-detail.pl?biblionumber=283089

MARC

LEADER 00000nam0a2200000 4500
001 283089
005 20231101235549.0
010 |a 9785906284563 
035 |a (RuTPU)RU\TPU\book\307118 
090 |a 283089 
100 |a 20150204d2014 k y0rusy50 ca 
101 0 |a rus 
102 |a RU 
105 |a a z 001zy 
200 1 |a Гидрогеохимические исследования криолитозоны Центральной Якутии  |f Н. П. Анисимова, Н. А. Павлова  |g Российская академия наук (РАН), Сибирское отделение (СО), Институт мерзлотоведения (ИМЗ) ; под ред. В. В. Шепелева 
210 |a Новосибирск  |c Гео  |d 2014 
215 |a 190 с.  |c ил. 
320 |a Библиогр.: с. 173-185. 
330 |a Монография является обобщением многолетних теоретических, лаборатор­ных и полевых исследований химического состава подземных вод, включая криопэги, и мерзлых отложений в специфических условиях криолитозоны Центральной Якутии. На основе анализа материалов исследований решен ряд научных и практических задач, разработана методика отбора проб воды, льда и ледяных отложений для химических анализов. На конкретных примерах рас­сматривается возможность использования полученных результатов при прове­дении инженерно-геологических изысканий, геокрилогических и гидрогеоло­гических исследований в области распространения многолетнемерзлых пород.Книга предназначена для гидрогеологов, геокриологов, гидрологов, мели­ораторов, экологов и других специалистов, работающих в области распростра­нения многолетнемерзлых пород, а также может быть рекомендована в качест­ве учебного пособия для студентов геолого-географического профиля. 
606 1 |a Криолитозоны  |y Сибирь и Дальний Восток  |2 stltpush  |3 (RuTPU)RU\TPU\subj\69428  |9 84279 
606 1 |a Гидрогеохимия  |2 stltpush  |3 (RuTPU)RU\TPU\subj\6645  |9 34475 
610 1 |a гидрогеохимические исследования 
610 1 |a Центральная Якутия 
610 1 |a подземные воды 
610 1 |a водоносные породы 
610 1 |a химический состав 
610 1 |a промерзание 
610 1 |a озера 
610 1 |a подозерные талики 
610 1 |a донные отложения 
610 1 |a надмерзлотные воды 
610 1 |a сезонноталый слой 
610 1 |a таликовые воды 
610 1 |a криопэги 
610 1 |a мерзлые рыхлые отложения 
610 1 |a криогеохимические исследования 
675 |a 551.345(571)  |v 3 
675 |a 550.46  |v 3 
700 1 |a Анисимова  |b Н. П. 
701 1 |a Павлова  |b Н. А. 
702 1 |a Шепелев  |b В. В.  |4 340 
712 0 2 |a Российская академия наук (РАН)  |b Сибирское отделение (СО)  |b Институт мерзлотоведения (ИМЗ)  |c (Якутск)  |2 stltpush  |3 (RuTPU)RU\TPU\col\2067 
801 1 |a RU  |b 63413507  |c 20150204 
801 2 |a RU  |b 63413507  |c 20150212  |g RCR 
942 |c BK